000 01093cam a2200349 i 4500
003 EG-GICUC
005 20260407141433.0
008 000207s1998 enkk fr 001 0 eng d
020 _a0421610506
020 _a9780421610507
040 _aDLC
_cDLC
_dDLC
_dEG-GICUC
_beng
_erda
043 _ae------
050 0 0 _aKJE6456
_b.K47 1998
082 0 0 _a382.9142
_221
092 0 4 _221
099 _aLaw 13 1998
100 1 _aKerse, C. S.
_q(Christopher Stephen)
245 1 0 _aE.C. antitrust procedure /
_cby C.S. Kerse.
246 3 _aEC antitrust procedure
250 _a4th edition.
264 _aLondon :
_bSweet & Maxwell,
_c1998.
300 _alxxxii, 586 pages :
_bforms ;
_c26 cm.
336 _atext
_2rdacontent
337 _aComputer
_2rdamedia
338 _aOnline Resource
_2rdacarrier
500 _aIncludes index.
650 0 _aAntitrust law
_zEuropean Economic Community countries.
650 0 _aRestraint of trade
_zEuropean Economic Community countries.
856 4 0 _uhttps://fll.law.cu.edu.eg/fulltext/bks/ENGB13-00029.pdf
905 _a10
942 _2ddc
_cBK
_e21
_n0
999 _c69400
_d69400